| 000 | 00000nam##2200000za#4500 |
| 001 | 9.602559 |
| 003 | CaOODSP |
| 005 | 20230801131716 |
| 007 | cr ||||||||||| |
| 008 | 150406|2008||||xxc|||||o f|0| 0 fre|d |
| 040 | |aCaOODSP|bfre |
| 043 | |an-cn--- |
| 086 | 1 |aPS83-5/R191F-PDF |
| 110 | 2 |aService correctionnel Canada. |bDirection de la recherche. |
| 245 | 10|aRevalidation de l'Échelle de réévaluation du niveau de sécurité pour les délinquantes (ERNSD) / |h[ressource électronique]|cpréparé par Renée Gobeil. |
| 260 | |bService correctionnel Canada. |cSeptembre 2008. |
| 300 | |a1p. |
| 490 | 1 |aRecherche en un coup d'oeil|vR191 |
| 500 | |aPour le Rapport de recherche associé, veuillez consulter PS83-3/191F-PDF. |
| 504 | |aBibliographie. |
| 590 | |a11-27-Supp|b2011-11-15 |
| 720 | 1 |aGobeil, Renée |
| 775 | 08|tRevalidation of the Security Reclassification Scale for Women (SRSW) / |w(CaOODSP)9.572146 |
| 830 | #0|aRecherche en un coup d'œil (Service correctionnel Canada)|vR191|w(CaOODSP)9.503037 |
| 856 | 40|ahttp://publications.gc.ca|qPDF|s106 Ko|uhttps://publications.gc.ca/collections/collection_2011/scc-csc/PS83-5-R191-fra.pdf|yR191 |